LEADER 01610nam2-2200469---450 001 990005691220203316 005 20211031171457.0 035 $a000569122 035 $aUSA01000569122 035 $a(ALEPH)000569122USA01 035 $a000569122 100 $a20060314d1978----|||y0itaa50------ba 101 $aita 102 $ait 105 $a0 00||| 200 1 $a<<1: Il >> padre$aCreditori$fAugust Strindberg$ga cura di Luciano Codignola$g[trad. di Luciano Codignola e Birgitta Ottosson] 210 $aMilano$cAdelphi$dcopyr. 1978- 215 $a156 p.$d18 cm 225 2 $aPiccola Biblioteca Adelphi$v70 300 $aTrad. di: Fadren$dFordringsagare. 410 0$12001$aPiccola Biblioteca Adelphi$v70 423 $1001SA0017169$1101$aita$12001$aCreditori$fAugust Strindberg. 454 $1001SA0017170$12001$aFadren$fAugust Strindberg.$920598 454 $1001SA0017171$12001$aFordringsagare$fAugust Strindberg.$920597 461 0$1001000569121$12001$aTeatro naturalistico$v1 620 $dMILANO 676 $a839.72'72 700 1$aSTRINDBERG,$bAugust$0126055 702 1$aCODIGNOLA,$bLuciano 702 1$aOTTOSSON,$bBirgitta 801 0$aIT$bSA$c20111219 912 $a990005691220203316 950 0$aDipar.to di Filosofia - Salerno$dDFFDC 800 STR 1$e7725 FIL 951 $aXV.18.B. 474 (FDC 800 STR)$b7725 FIL$cXV.18.B$d532358 959 $aBK 969 $aFDECI 979 $c20121027$lUSA01$h1526 979 $c20121027$lUSA01$h1615 979 $aPATRY$b90$c20140522$lUSA01$h1448 996 $aFordringsagare$920597 996 $aFadren$920598 997 $aUNISA LEADER 01296nam 2200457 450 001 9910794757503321 005 20200520144314.0 010 $a1-5018-4923-9 035 $a(CKB)4340000000188494 035 $a(Au-PeEL)EBL4799996 035 $a(CaPaEBR)ebr11442645 035 $a(OCoLC)995162468 035 $a(MiAaPQ)EBC4799996 035 $a(EXLCZ)994340000000188494 100 $a20171009h20172017 uy 0 101 0 $aeng 135 $aurcnu|||||||| 181 $2rdacontent 182 $2rdamedia 183 $2rdacarrier 200 10$aStride $ecreating a discipleship pathway for your church /$fMike Schreiner, Ken Willard 210 1$aNashville, Tennessee :$cAbingdon Press,$d2017. 210 4$dİ2017 215 $a1 online resource (96 pages) $cillustrations 320 $aIncludes bibliographical references. 606 $aChurch growth 606 $aChurch development, New 606 $aChristian life 615 0$aChurch growth. 615 0$aChurch development, New. 615 0$aChristian life. 676 $a254.5 700 $aSchreiner$b Mike$01547088 702 $aWillard$b Ken 801 0$bMiAaPQ 801 1$bMiAaPQ 801 2$bMiAaPQ 906 $aBOOK 912 $a9910794757503321 996 $aStride$93803160 997 $aUNINA